| 000 | 00518nam a2200181Ia 4500 | ||
|---|---|---|---|
| 008 | 220531s9999 xx 000 0 und d | ||
| 041 | _amar | ||
| 100 |
_aशेंडे सो.रा. _964486 |
||
| 245 | _aछत्रपती शिवाजी आणि शिवकाल | ||
| 250 | _a1ST | ||
| 260 |
_aMumbai _bInternational Book House _c2014 |
||
| 300 | _a152 | ||
| 542 | _d11-09-2015 | ||
| 551 |
_aArts _bGrantable-ARTS |
||
| 650 |
_aHistory _964487 |
||
| 906 | _d2015-2016 | ||
| 999 |
_c36557 _d36557 |
||